[Event "XXV Memorial Edoardo Crespi A"]
[Site "Milano ITA"]
[Date "2004.12.04"]
[Round "1"]
[White "Cazzaniga, Walter"]
[Black "Martinez, Rolly"]
[Result "0-1"]
[WhiteElo "2077"]
[BlackElo "2360"]
[PlyCount "58"]
[EventDate "2004.12.04"]

1. d4 d5 2. c4 dxc4 3. e4 Nc6 4. Be3 Nf6 5. Nc3 e5 6. d5 Na5 7. Nf3 Bd6 8. Bxc4
Nxc4 9. Qa4+ Bd7 10. Qxc4 O-O 11. O-O a6 12. a4 Nh5 13. Rac1 Qf6 14. Qd3 h6 15.
Nd2 g5 16. Nc4 Nf4 17. Bxf4 gxf4 18. Nxd6 cxd6 19. f3 Kh8 20. Rf2 Rg8 21. b4
Rac8 22. Rfc2 Qh4 23. Qf1 Rg5 24. Qf2 Qh5 25. Kh1 Rcg8 26. Qb6 Bh3 27. Qxd6
Bxg2+ 28. Rxg2 Rxg2 29. Qf6+ Kh7 0-1

[Event "XXV Memorial Edoardo Crespi A"]
[Site "Milano ITA"]
[Date "2004.12.04"]
[Round "1"]
[White "Ciciotti, Augusto"]
[Black "Gabetto, Flaviano"]
[Result "0-1"]
[WhiteElo "1925"]
[BlackElo "2128"]
[PlyCount "101"]
[EventDate "2004.12.04"]

1. d4 d5 2. c4 dxc4 3. Nf3 Nf6 4. e3 e6 5. Bxc4 c5 6. O-O a6 7. a4 Nc6 8. Qe2
cxd4 9. Rd1 Be7 10. exd4 O-O 11. Nc3 Nb4 12. b3 b6 13. Bb2 Bb7 14. Ng5 Nfd5 15.
Nge4 Kh8 16. g3 f5 17. Nd2 Nxc3 18. Bxc3 Nd5 19. Bb2 Qd7 20. Nf3 Bb4 21. Rac1
Qe8 22. Ne5 f4 23. Bd3 fxg3 24. hxg3 Bd6 25. Qg4 Bxe5 26. dxe5 Qf7 27. f4 Ne3
28. Qh4 g5 29. Qxg5 Rg8 30. Qf6+ Qxf6 31. exf6 Rxg3+ 32. Kf2 Nxd1+ 33. Kxg3
Nxb2 34. Bxh7 Kxh7 35. Rc7+ Kg6 36. Rxb7 b5 37. axb5 axb5 38. f7 Nd1 39. Re7
Rf8 40. Rxe6+ Kxf7 41. Rb6 Nc3 42. Kf3 Rc8 43. Rb7+ Kf6 44. Kg4 Rc6 45. Rb8 Rd6
46. Rc8 Rd3 47. Rc6+ Ke7 48. Rc5 b4 49. Rc4 Nd5 50. Kf5 Ne3+ 51. Ke4 0-1

[Event "XXV Memorial Edoardo Crespi A"]
[Site "Milano ITA"]
[Date "2004.12.04"]
[Round "1"]
[White "Contin, Daniel"]
[Black "Podini, Francesco"]
[Result "1-0"]
[WhiteElo "2358"]
[BlackElo "2075"]
[PlyCount "79"]
[EventDate "2004.12.04"]

1. e4 c5 2. Nf3 e6 3. c4 Nc6 4. Nc3 d6 5. d4 cxd4 6. Nxd4 Nf6 7. g3 Be7 8. Bg2
Bd7 9. O-O a6 10. Nc2 Rc8 11. b3 O-O 12. Ba3 Qc7 13. Rc1 Qb8 14. Qe2 Rfd8 15.
f4 Bf8 16. g4 Be8 17. g5 Nd7 18. Bb2 g6 19. Ne3 Bg7 20. Ng4 Nd4 21. Qd2 b5 22.
Nd5 exd5 23. Bxd4 dxc4 24. Bxg7 Kxg7 25. Qd4+ f6 26. Nxf6 Nxf6 27. Qxf6+ Kg8
28. bxc4 bxc4 29. Bh3 Qa7+ 30. Rf2 Bd7 31. Bf1 Rf8 32. Qxd6 c3 33. Qd5+ Kh8 34.
Qe5+ Kg8 35. Bc4+ Rxc4 36. Qd5+ Kg7 37. Qxc4 Rxf4 38. Qxc3+ Kg8 39. Qc4+ Kg7
40. Qc5 1-0

[Event "XXV Memorial Edoardo Crespi A"]
[Site "Milano ITA"]
[Date "2004.12.04"]
[Round "1"]
[White "D'Apa, Matteo"]
[Black "Di Donato, Giovanni"]
[Result "0-1"]
[WhiteElo "1973"]
[BlackElo "2142"]
[PlyCount "78"]
[EventDate "2004.12.04"]

1. d4 d5 2. Nf3 Nf6 3. c4 c6 4. Nc3 a6 5. e3 b5 6. c5 Nbd7 7. Bd3 g6 8. O-O Bg7
9. e4 b4 10. e5 bxc3 11. exf6 Bxf6 12. Bh6 cxb2 13. Rb1 e6 14. Rxb2 Nxc5 15.
Ne5 Nxd3 16. Qxd3 c5 17. f4 c4 18. Qe3 Qd6 19. Ng4 Be7 20. Bg7 Rg8 21. Be5 Qa3
22. Qe2 Bd7 23. Nh6 Rf8 24. Bg7 Bb5 25. Qf2 Qa5 26. Rc1 Ba3 27. Bxf8 Kxf8 28.
Rbc2 Bxc1 29. Rxc1 Qa3 30. Re1 Rc8 31. Qh4 Qc3 32. Nxf7 Qxd4+ 33. Kh1 Kxf7 34.
Qxh7+ Qg7 35. Qh3 Rc6 36. g4 c3 37. f5 c2 38. fxe6+ Rxe6 39. Qf3+ Qf6 0-1

[Event "XXV Memorial Edoardo Crespi A"]
[Site "Milano ITA"]
[Date "2004.12.04"]
[Round "1"]
[White "Di Lascio, Savino"]
[Black "Zanetti, Alberto"]
[Result "0-1"]
[WhiteElo "2000"]
[BlackElo "2210"]
[PlyCount "142"]
[EventDate "2004.12.04"]

1. Nf3 c5 2. g3 d5 3. Bg2 Nc6 4. O-O e5 5. d3 Nf6 6. Nbd2 Be7 7. c3 O-O 8. Qc2
h6 9. e4 Be6 10. Re1 d4 11. h3 Qd7 12. Kh2 b5 13. a4 a6 14. Bf1 Rfd8 15. Rd1
Rab8 16. axb5 axb5 17. Nb3 Rdc8 18. Na5 Nxa5 19. Rxa5 Qc7 20. Ra1 Nd7 21. Bd2
Qb7 22. Bg2 Bf6 23. b3 b4 24. c4 Ra8 25. Qb2 Rc6 26. Ne1 Rca6 27. f4 Nb8 28.
fxe5 Bxe5 29. Bf4 Nc6 30. Nf3 f6 31. Bxe5 fxe5 32. Nh4 Qa7 33. Rxa6 Qxa6 34.
Rf1 Qa2 35. Rf2 Qxb2 36. Rxb2 Ra1 37. Nf3 g5 38. g4 Kg7 39. Kg3 Ra3 40. Kf2 Kf6
41. Nd2 Ne7 42. Nf1 Ng6 43. Ng3 Nf4 44. Bf1 Kg6 45. Nf5 h5 46. Ne7+ Kf7 47. Nf5
Kf6 48. Kf3 Ra1 49. Kf2 h4 50. Nd6 Rd1 51. Nb7 Nxd3+ 52. Bxd3 Rxd3 53. Kg2 Rg3+
54. Kh2 Rc3 55. Nxc5 d3 56. Kg2 Rc2+ 57. Rxc2 dxc2 58. Nd3 Bxc4 59. Nc1 Ba6 60.
Kf2 Ke6 61. Ke1 Bb7 62. Kd2 Bxe4 63. Na2 Bg2 64. Nxb4 Bxh3 65. Nxc2 Bxg4 66.
Ne3 Bf3 67. Nf1 g4 68. Ke3 Kf5 69. b4 Bc6 70. Kf2 Kf4 71. Kg1 g3 0-1

[Event "XXV Memorial Edoardo Crespi A"]
[Site "Milano ITA"]
[Date "2004.12.04"]
[Round "1"]
[White "Facchetti, Gianni"]
[Black "Rezzonico, Paolo"]
[Result "1-0"]
[WhiteElo "2203"]
[BlackElo "2000"]
[PlyCount "139"]
[EventDate "2004.12.04"]

1. e4 c5 2. Nf3 Nc6 3. Bb5 e6 4. Bxc6 bxc6 5. O-O Ne7 6. d3 Ng6 7. Re1 Be7 8.
Nbd2 O-O 9. Nf1 e5 10. Ng3 d6 11. Nd2 Be6 12. Ndf1 Bg5 13. Ne3 Ne7 14. Rf1 f5
15. exf5 Nxf5 16. Nexf5 Bxf5 17. Nxf5 Rxf5 18. Qg4 Qf6 19. Bxg5 Rxg5 20. Qc4+
Qf7 21. Qxf7+ Kxf7 22. f4 exf4 23. Rxf4+ Ke6 24. Raf1 Rb8 25. b3 Rb7 26. R1f3
d5 27. Rf8 Re5 28. Kf2 Re7 29. Rd8 Rf5 30. Rxf5 Kxf5 31. Rd6 Rc7 32. Rd8 h6 33.
c3 g6 34. Kf3 h5 35. h4 Ke5 36. Ke3 Kf5 37. Rd6 g5 38. hxg5 Kxg5 39. d4 Re7+
40. Kd3 cxd4 41. cxd4 Rc7 42. Kc3 a5 43. a4 h4 44. b4 axb4+ 45. Kxb4 Rb7+ 46.
Kc5 Ra7 47. Kxc6 Rxa4 48. Kxd5 Kf5 49. Rh6 Ra5+ 50. Kc4 Ra4+ 51. Kc5 Ra5+ 52.
Kb4 Ra2 53. Rxh4 Rxg2 54. Kc5 Ke6 55. Rh6+ Kd7 56. Rh7+ Kd8 57. d5 Ke8 58. Kc6
Rc2+ 59. Kd6 Rc1 60. Rh8+ Kf7 61. Kd7 Ra1 62. Rc8 Rd1 63. d6 Rd2 64. Rc1 Rb2
65. Rf1+ Kg7 66. Kd8 Ra2 67. Ke7 Re2+ 68. Kd7 Rd2 69. Ke6 Kg8 70. Rf5 1-0

[Event "XXV Memorial Edoardo Crespi A"]
[Site "Milano ITA"]
[Date "2004.12.04"]
[Round "1"]
[White "Gandolfi, Gianfranco"]
[Black "Iudicello, Giovanni"]
[Result "0-1"]
[WhiteElo "1967"]
[BlackElo "2133"]
[PlyCount "46"]
[EventDate "2004.12.04"]

1. e4 e5 2. Nf3 Nc6 3. d4 exd4 4. Bc4 Bc5 5. c3 Nf6 6. O-O Nxe4 7. Qe2 d5 8.
cxd4 Nxd4 9. Nxd4 Bxd4 10. Nc3 Bxc3 11. bxc3 O-O 12. Bd3 Bf5 13. Qc2 Qf6 14.
Bb2 Nd6 15. Ba3 Rfe8 16. Bxd6 Bxd3 17. Qxd3 Qxd6 18. Rfe1 Re6 19. Qd4 b6 20. c4
Rae8 21. Rxe6 Qxe6 22. g3 dxc4 23. Rd1 h6 0-1

[Event "XXV Memorial Edoardo Crespi A"]
[Site "Milano ITA"]
[Date "2004.12.04"]
[Round "1"]
[White "Giancotti, Eraldo"]
[Black "Arboscelli, Gregorio"]
[Result "1/2-1/2"]
[WhiteElo "2093"]
[BlackElo "1894"]
[PlyCount "28"]
[EventDate "2004.12.04"]

1. d4 Nf6 2. c4 e6 3. Nc3 d5 4. cxd5 exd5 5. Bg5 Be7 6. e3 Nbd7 7. Bd3 c6 8.
Qc2 O-O 9. Nge2 Re8 10. Ng3 Nf8 11. O-O-O h6 12. Bxf6 Bxf6 13. Rhe1 g6 14. Kb1
Bg7 1/2-1/2

[Event "XXV Memorial Edoardo Crespi A"]
[Site "Milano ITA"]
[Date "2004.12.04"]
[Round "1"]
[White "Giannetta, Paolo"]
[Black "Brugo, Marco"]
[Result "0-1"]
[WhiteElo "2104"]
[BlackElo "1907"]
[PlyCount "36"]
[EventDate "2004.12.04"]

1. d4 e6 2. c4 f5 3. Nc3 Nf6 4. Nf3 Be7 5. g3 O-O 6. Bg2 d6 7. O-O a5 8. Re1
Ne4 9. Qc2 Nxc3 10. Qxc3 Nc6 11. a3 Bf6 12. Be3 e5 13. dxe5 dxe5 14. Qb3 a4 15.
Qc2 Qe7 16. Rad1 Be6 17. b4 axb3 18. Qxb3 Na5 0-1

[Event "XXV Memorial Edoardo Crespi A"]
[Site "Milano ITA"]
[Date "2004.12.04"]
[Round "1"]
[White "Giretti Kanev, Jasen"]
[Black "Nardelli, Marco"]
[Result "0-1"]
[WhiteElo "2182"]
[BlackElo "1999"]
[PlyCount "119"]
[EventDate "2004.12.04"]

1. Nf3 Nf6 2. c4 b6 3. Nc3 Bb7 4. d4 e6 5. Bg5 Be7 6. e3 Ne4 7. Bxe7 Qxe7 8.
Bd3 f5 9. Qc2 Nxc3 10. Qxc3 O-O 11. h4 d6 12. O-O-O Nd7 13. Qc2 Nf6 14. d5 exd5
15. Bxf5 Ne4 16. Nd4 c5 17. Be6+ Kh8 18. cxd5 Nxf2 19. Nf5 Rxf5 20. Qxf5 Nxd1
21. Rxd1 Rf8 22. Qg5 Qxg5 23. hxg5 g6 24. Kd2 Ba6 25. Kc3 Kg7 26. e4 Rf4 27.
Re1 h6 28. gxh6+ Kxh6 29. Re3 Kg5 30. e5 dxe5 31. Rxe5+ Kf6 32. Re3 Rc4+ 33.
Kb3 Rd4 34. Rf3+ Ke5 35. Rg3 Rd3+ 36. Rxd3 Bxd3 37. g3 g5 38. Kc3 Be4 39. Kc4
Kd6 40. a3 Bf3 41. b4 Be2+ 42. Kc3 cxb4+ 43. axb4 Ke5 44. Bf7 Kd6 45. Kd4 a5
46. bxa5 bxa5 47. Ke3 Bb5 48. Kd4 Be2 49. Ke3 Bc4 50. Kd4 Bb3 51. Bg6 Bxd5 52.
Bc2 Bc6 53. Bb3 a4 54. Ba2 Bf3 55. Bb1 Bd5 56. Ke3 Ke5 57. Kf2 a3 58. Kg1 a2
59. Bxa2 Bxa2 60. Kh2 0-1

[Event "XXV Memorial Edoardo Crespi A"]
[Site "Milano ITA"]
[Date "2004.12.04"]
[Round "1"]
[White "Mazzini, Antonio"]
[Black "Bisignano, Giuseppe"]
[Result "1/2-1/2"]
[WhiteElo "2139"]
[BlackElo "1965"]
[PlyCount "93"]
[EventDate "2004.12.04"]

1. d4 Nf6 2. c4 e6 3. Nc3 c5 4. d5 exd5 5. cxd5 d6 6. Nf3 g6 7. Bg5 Bg7 8. Nd2
O-O 9. e3 a6 10. a4 Nbd7 11. Be2 Re8 12. O-O h6 13. Bh4 g5 14. Bg3 Ne5 15. Nc4
Nxc4 16. Bxc4 Ne4 17. Nxe4 Rxe4 18. Qc2 Qe7 19. Ra2 Bd7 20. b3 Rc8 21. Bxd6 Qe8
22. Re1 b5 23. axb5 axb5 24. Bd3 Rh4 25. g3 Rh5 26. Ra7 g4 27. Be4 c4 28. Bg2
Bf5 29. e4 Bg6 30. bxc4 Rxd5 31. Bf4 Rxc4 32. Qe2 Rd7 33. Ra5 Re7 34. e5 Bf5
35. Ra8 Rc8 36. Rxc8 Bxc8 37. Bd5 Kh8 38. Qe4 Be6 39. Bc6 Bd7 40. Bd5 Qd8 41.
Bc6 Qa5 42. Rc1 Be6 43. Bd5 Rc7 44. Rxc7 Qxc7 45. Bxe6 fxe6 46. Qa8+ Kh7 47.
Qe4+ 1/2-1/2

[Event "XXV Memorial Edoardo Crespi A"]
[Site "Milano ITA"]
[Date "2004.12.04"]
[Round "1"]
[White "Pace, Pietro Dario"]
[Black "Milan, Paolo"]
[Result "1-0"]
[WhiteElo "2130"]
[BlackElo "1928"]
[PlyCount "45"]
[EventDate "2004.12.04"]

1. e4 d6 2. d4 Nf6 3. Nc3 g6 4. Bg5 Bg7 5. f4 O-O 6. Nf3 b6 7. Bd3 Bb7 8. O-O
Nfd7 9. Qe2 f6 10. Bh4 e6 11. Bc4 Qe7 12. f5 gxf5 13. exf5 Re8 14. fxe6 Nf8 15.
d5 a5 16. Nd4 Ng6 17. Nf5 Qf8 18. Nxg7 Qxg7 19. Bxf6 Qh6 20. Ne4 Rf8 21. e7 Rc8
22. Nxd6 cxd6 23. Qe6# 1-0

[Event "XXV Memorial Edoardo Crespi A"]
[Site "Milano ITA"]
[Date "2004.12.04"]
[Round "1"]
[White "Pepe, Mario"]
[Black "Brunelli, Giovanni"]
[Result "1-0"]
[WhiteElo "2151"]
[BlackElo "1978"]
[PlyCount "59"]
[EventDate "2004.12.04"]

1. e4 c5 2. Nf3 Nc6 3. d4 cxd4 4. Nxd4 Nf6 5. Nc3 a6 6. Bg5 e6 7. Qd2 Be7 8. f4
d6 9. O-O-O O-O 10. Be2 d5 11. Bxf6 Bxf6 12. e5 Be7 13. g4 f6 14. exf6 Bxf6 15.
Nf3 Qa5 16. Bd3 Bxc3 17. bxc3 Qa3+ 18. Kb1 g6 19. h4 b5 20. h5 b4 21. c4 dxc4
22. Be4 c3 23. Qc1 Qa4 24. hxg6 Rb8 25. gxh7+ Kh8 26. Bxc6 Qxc6 27. Qe3 Qc7 28.
Qd4+ Qg7 29. Ne5 Rf6 30. Qd8+ 1-0

[Event "XXV Memorial Edoardo Crespi A"]
[Site "Milano ITA"]
[Date "2004.12.04"]
[Round "1"]
[White "Petrini, Roberto"]
[Black "Salvador, Roland"]
[Result "0-1"]
[WhiteElo "2074"]
[BlackElo "2315"]
[PlyCount "64"]
[EventDate "2004.12.04"]

1. e4 c5 2. Nc3 Nc6 3. f4 g6 4. Nf3 Bg7 5. Bc4 e6 6. O-O Nge7 7. Qe1 O-O 8. d3
d5 9. Bb3 a6 10. a4 Nb4 11. Qh4 Nec6 12. Qg3 Na5 13. Ne5 c4 14. dxc4 dxc4 15.
Ba2 Nxc2 16. Rb1 b5 17. Qf2 Nb4 18. Be3 Bxe5 19. fxe5 Nd3 20. Qg3 b4 21. Ne2 b3
22. Bxb3 Nxb3 23. Bg5 f6 24. Rxf6 Rxf6 25. exf6 Qf8 26. Rf1 Qf7 27. Qd6 Bb7 28.
Nf4 Nxf4 29. Rxf4 e5 30. Qxe5 Re8 31. Qd6 Bxe4 32. Rxe4 Rxe4 0-1

[Event "XXV Memorial Edoardo Crespi A"]
[Site "Milano ITA"]
[Date "2004.12.04"]
[Round "1"]
[White "Profumo, Alberto"]
[Black "Rossi, Giampiero"]
[Result "1-0"]
[WhiteElo "2238"]
[BlackElo "2022"]
[PlyCount "73"]
[EventDate "2004.12.04"]

1. Nf3 d5 2. g3 c6 3. Bg2 Nf6 4. O-O h6 5. d3 Bf5 6. c4 e6 7. Be3 Be7 8. Qb3 b6
9. Nc3 O-O 10. h3 Bh7 11. Rfd1 Nbd7 12. a4 Qc7 13. Rdc1 Qb7 14. a5 Nc5 15. Bxc5
Bxc5 16. cxd5 cxd5 17. a6 Qe7 18. d4 Bd6 19. Nb5 Rac8 20. Ne5 Bxe5 21. dxe5 Ne4
22. Bxe4 Bxe4 23. Nd6 Rc7 24. Qe3 Bg6 25. Rxc7 Qxc7 26. Rc1 Qd7 27. Qb3 f6 28.
f4 fxe5 29. fxe5 Rd8 30. h4 Be8 31. Qc2 Bh5 32. b4 Qe7 33. Qc7 Rd7 34. Qb8+ Kh7
35. Rc8 Bf7 36. Rh8+ Kg6 37. Rf8 1-0

[Event "XXV Memorial Edoardo Crespi A"]
[Site "Milano ITA"]
[Date "2004.12.04"]
[Round "1"]
[White "Pulvirenti, Gianni"]
[Black "Kidane, Robel"]
[Result "0-1"]
[WhiteElo "1907"]
[BlackElo "2095"]
[PlyCount "118"]
[EventDate "2004.12.04"]

1. d4 Nf6 2. Nf3 g6 3. Bg5 Ne4 4. Bf4 c5 5. Nbd2 d5 6. c3 Bg7 7. e3 Nxd2 8.
Qxd2 cxd4 9. exd4 Nc6 10. Be2 O-O 11. Bh6 Bg4 12. O-O e6 13. Bxg7 Kxg7 14. Rfe1
Rc8 15. h3 Bxf3 16. Bxf3 Na5 17. b3 b5 18. Be2 Qb6 19. h4 h5 20. Rac1 Nb7 21.
Bxh5 Rh8 22. Bf3 Rxh4 23. g3 Rhh8 24. Kg2 Nd6 25. Qf4 Ne8 26. Rh1 Nf6 27. Rxh8
Rxh8 28. Qe5 Qb8 29. Qe3 Qc7 30. Be2 Qa5 31. Rc2 Rc8 32. f3 Qb6 33. Rc1 Rh8 34.
Rh1 Rxh1 35. Kxh1 Qd6 36. Kg2 a6 37. Bd3 Qc7 38. Be2 Nh5 39. f4 Nf6 40. Bf3 Ng8
41. g4 Ne7 42. Be2 Qd6 43. Kf3 b4 44. cxb4 Qxb4 45. Qe5+ Kg8 46. Qc7 a5 47. Qc5
Kg7 48. Bb5 Nc8 49. Ba4 Nd6 50. a3 Qb8 51. Qxa5 Ne4 52. Qe1 Qh8 53. Kg2 Kg8 54.
Qe3 Qh4 55. Qf3 Qe1 56. b4 Qd2+ 57. Kh1 Qxd4 58. Bc2 Qa1+ 59. Kg2 Qb2 0-1

[Event "XXV Memorial Edoardo Crespi A"]
[Site "Milano ITA"]
[Date "2004.12.04"]
[Round "1"]
[White "Ranola, Yves"]
[Black "Fezza, Davide"]
[Result "1-0"]
[WhiteElo "2449"]
[BlackElo "2083"]
[PlyCount "55"]
[EventDate "2004.12.04"]

1. c4 Nf6 2. g3 g6 3. Bg2 Bg7 4. Nc3 O-O 5. d3 e5 6. e4 d6 7. Nge2 c6 8. O-O a5
9. h3 Ne8 10. Be3 f5 11. Qd2 Be6 12. b3 Nf6 13. Rad1 Na6 14. d4 Nxe4 15. Nxe4
fxe4 16. d5 cxd5 17. cxd5 Bd7 18. Nc3 b6 19. Nxe4 Bb5 20. Ng5 Bh6 21. Ne6 Bxe3
22. Qxe3 Qe7 23. Rfe1 Rfb8 24. f4 exf4 25. Qxf4 Nc7 26. h4 Ra7 27. a4 Ba6 28.
Nd4 1-0

[Event "XXV Memorial Edoardo Crespi A"]
[Site "Milano ITA"]
[Date "2004.12.04"]
[Round "1"]
[White "Sgnaolin, Davide"]
[Black "Papale, Carmelo"]
[Result "1/2-1/2"]
[WhiteElo "2125"]
[BlackElo "1924"]
[PlyCount "40"]
[EventDate "2004.12.04"]

1. e4 c5 2. c3 d6 3. d4 cxd4 4. cxd4 Nf6 5. Nc3 e6 6. Nf3 Be7 7. Bd3 O-O 8. O-O
Nc6 9. e5 dxe5 10. dxe5 Nd5 11. Qe2 Nxc3 12. bxc3 Qa5 13. Re1 Rd8 14. Qc2 h6
15. Rb1 a6 16. Be4 Qc7 17. Be3 b5 18. a4 Rb8 19. axb5 axb5 20. g3 Bd7 1/2-1/2

[Event "XXV Memorial Edoardo Crespi A"]
[Site "Milano ITA"]
[Date "2004.12.05"]
[Round "2"]
[White "Arboscelli, Gregorio"]
[Black "Giretti Kanev, Jasen"]
[Result "0-1"]
[WhiteElo "1894"]
[BlackElo "2182"]
[PlyCount "94"]
[EventDate "2004.12.04"]

1. d4 Nf6 2. c4 e6 3. Nc3 Bb4 4. e3 O-O 5. Bd3 d5 6. Nf3 Nbd7 7. O-O c5 8. a3
Bxc3 9. bxc3 Qc7 10. cxd5 exd5 11. Bb2 c4 12. Bc2 Re8 13. a4 Ne4 14. a5 Re6 15.
g3 Rh6 16. Bxe4 dxe4 17. Nd2 Nf6 18. Qa4 Bh3 19. Rfb1 Rc8 20. Ba3 Ng4 21. Nxe4
Nxh2 22. Ng5 Bg4 23. f4 f6 24. Rb2 Bd7 25. Qb4 Ng4 26. Nf3 Qc6 27. Nh4 g5 28.
Qxb7 gxh4 29. d5 Qxb7 30. Rxb7 Bf5 31. Re7 h3 32. e4 h2+ 33. Kg2 h1=Q+ 34. Rxh1
Rxh1 35. exf5 Rh2+ 36. Kg1 Rb8 37. Bb4 Rd2 38. d6 Rxb4 39. cxb4 Rxd6 40. Rc7 a6
41. Rc8+ Kg7 42. Rc5 Rd2 43. b5 axb5 44. Rxb5 c3 45. Rc5 c2 46. Rxc2 Rd1+ 47.
Kg2 Ne3+ 0-1

[Event "XXV Memorial Edoardo Crespi A"]
[Site "Milano ITA"]
[Date "2004.12.05"]
[Round "2"]
[White "Astengo, Marcello"]
[Black "Ciciotti, Augusto"]
[Result "0-1"]
[WhiteElo "2032"]
[BlackElo "1925"]
[PlyCount "84"]
[EventDate "2004.12.04"]

1. d4 Nf6 2. c4 g6 3. Nc3 d5 4. cxd5 Nxd5 5. e4 Nxc3 6. bxc3 Bg7 7. Be3 c5 8.
Bc4 Nc6 9. Ne2 O-O 10. O-O Bd7 11. Qd2 Qc7 12. Rac1 a6 13. Rfd1 b5 14. Bb3 Rad8
15. d5 Na5 16. d6 exd6 17. Qxd6 Qxd6 18. Rxd6 Nxb3 19. Rcd1 Nd4 20. cxd4 cxd4
21. Bxd4 Bg4 22. Bxg7 Rxd6 23. Rxd6 Kxg7 24. f3 Bc8 25. Kf2 Re8 26. Ke3 Re6 27.
Rxe6 Bxe6 28. Nc1 Kf6 29. Kd4 Bc4 30. Kc5 Bf1 31. g3 Ke5 32. Kb6 b4 33. Nb3 Be2
34. Kc5 Bxf3 35. Kxb4 Bxe4 36. Nc5 Bd5 37. a4 f5 38. Nxa6 g5 39. Kc5 Bb7 40.
Nb4 f4 41. gxf4+ gxf4 42. Kb6 Ba8 0-1

[Event "XXV Memorial Edoardo Crespi A"]
[Site "Milano ITA"]
[Date "2004.12.05"]
[Round "2"]
[White "Bevilacqua, Maurizio"]
[Black "Canova, Luca"]
[Result "1-0"]
[WhiteElo "2165"]
[BlackElo "2047"]
[PlyCount "107"]
[EventDate "2004.12.04"]

1. d4 Nf6 2. c4 e6 3. Nf3 b6 4. a3 Bb7 5. Nc3 Be7 6. d5 d6 7. e4 e5 8. Be2 a5
9. Qc2 Na6 10. Rb1 O-O 11. b4 axb4 12. axb4 Bc8 13. h3 h6 14. O-O Nh7 15. Bd3
Ng5 16. Nh2 Bf6 17. Be3 Re8 18. Qe2 Nb8 19. Ra1 Rxa1 20. Rxa1 Nd7 21. Ra7 Nf8
22. h4 Ngh7 23. g3 Bd7 24. c5 bxc5 25. bxc5 dxc5 26. Bxc5 Be7 27. Bxe7 Rxe7 28.
Qa2 Qb8 29. Nf1 Nf6 30. Qa3 Re8 31. Qc5 Rc8 32. Ba6 Rd8 33. Rxc7 Qb2 34. Qa7
Ng4 35. Be2 Qc1 36. Kg2 Nf6 37. Qe3 Qb2 38. Nd2 Ng4 39. Bxg4 Bxg4 40. Nc4 Qb8
41. Qc5 Rc8 42. d6 f6 43. Nd5 Rd8 44. Ne7+ Kh7 45. Nf5 Ne6 46. Qc6 Bxf5 47.
exf5 Nd4 48. Qd5 Qb3 49. Qe4 Qb4 50. Qg4 Rg8 51. Qg6+ Kh8 52. Nxe5 fxe5 53. f6
Ne6 54. fxg7+ 1-0

[Event "XXV Memorial Edoardo Crespi A"]
[Site "Milano ITA"]
[Date "2004.12.05"]
[Round "2"]
[White "Bisignano, Giuseppe"]
[Black "Sgnaolin, Davide"]
[Result "0-1"]
[WhiteElo "1965"]
[BlackElo "2125"]
[PlyCount "82"]
[EventDate "2004.12.04"]

1. e4 c5 2. Nf3 Nc6 3. d4 cxd4 4. Nxd4 Nf6 5. Nc3 e5 6. Nxc6 bxc6 7. Bc4 d6 8.
O-O Be7 9. Qe2 O-O 10. Rd1 Qc7 11. Bg5 a5 12. Rd3 Rb8 13. Bxf6 Bxf6 14. b3 Be7
15. Rad1 g6 16. Qf3 Kg7 17. Qg3 f5 18. f3 fxe4 19. fxe4 Qb6+ 20. Kh1 Rf4 21.
Qe3 Qxe3 22. Rxe3 Bg4 23. Be2 Be6 24. Bf3 Rb4 25. Ne2 Rf8 26. c3 Rb7 27. c4 a4
28. Rc3 axb3 29. axb3 Rfb8 30. Rb1 Rb4 31. Nc1 Rxc4 32. Rxc4 Bxc4 33. Be2 Be6
34. Ra1 Bg5 35. Bd1 Rb4 36. Bc2 Rd4 37. Nd3 Bxb3 38. Nxe5 Bxc2 39. Nf3 Bf6 40.
Nxd4 Bxd4 41. Rc1 Bxe4 0-1

[Event "XXV Memorial Edoardo Crespi A"]
[Site "Milano ITA"]
[Date "2004.12.05"]
[Round "2"]
[White "Brugo, Marco"]
[Black "Mazzini, Antonio"]
[Result "1/2-1/2"]
[WhiteElo "1907"]
[BlackElo "2139"]
[PlyCount "46"]
[EventDate "2004.12.04"]

1. d4 Nf6 2. c4 e6 3. Nf3 Bb4+ 4. Bd2 a5 5. Nc3 d5 6. e3 O-O 7. Bd3 b6 8. O-O
Ba6 9. b3 Nbd7 10. a3 Bd6 11. Nb5 Bxb5 12. cxb5 Qe7 13. a4 e5 14. dxe5 Nxe5 15.
Bc3 Nxf3+ 16. Qxf3 Ne4 17. Bxe4 dxe4 18. Qe2 Rfe8 19. Rad1 Qh4 20. g3 Qh3 21.
Rd5 Re7 22. Rfd1 Qe6 23. Qc4 f6 1/2-1/2

[Event "XXV Memorial Edoardo Crespi A"]
[Site "Milano ITA"]
[Date "2004.12.05"]
[Round "2"]
[White "Brunelli, Giovanni"]
[Black "Cazzaniga, Walter"]
[Result "0-1"]
[WhiteElo "1978"]
[BlackElo "2077"]
[PlyCount "60"]
[EventDate "2004.12.04"]

1. e4 e6 2. d4 d5 3. Nc3 Bb4 4. e5 c5 5. a3 Bxc3+ 6. bxc3 Ne7 7. f4 Nbc6 8. Nf3
Qa5 9. Bd2 Bd7 10. Be2 f6 11. O-O O-O-O 12. c4 Qc7 13. cxd5 Nxd5 14. c4 Nde7
15. dxc5 Nf5 16. Qa4 Ncd4 17. Qd1 Bc6 18. Kh1 Rd7 19. Qe1 Nc2 20. Ba5 Nxe1 21.
Bxc7 Nxf3 22. Bxf3 Kxc7 23. Bxc6 Kxc6 24. exf6 gxf6 25. g4 Nd4 26. Rfe1 Kxc5
27. Rad1 Rhd8 28. h4 Nf3 29. Rxd7 Rxd7 30. Rxe6 Rd2 0-1

[Event "XXV Memorial Edoardo Crespi A"]
[Site "Milano ITA"]
[Date "2004.12.05"]
[Round "2"]
[White "Castellano, Fabio Marco"]
[Black "Cavatorta, Fosco"]
[Result "1-0"]
[WhiteElo "1911"]
[BlackElo "2031"]
[PlyCount "107"]
[EventDate "2004.12.04"]

1. e4 d6 2. d4 Nf6 3. Bd3 e5 4. c3 d5 5. dxe5 Nxe4 6. Bxe4 dxe4 7. Qxd8+ Kxd8
8. Bg5+ Be7 9. Bxe7+ Kxe7 10. Nd2 Nc6 11. f4 exf3 12. Ngxf3 Bg4 13. O-O Rhd8
14. h3 Bh5 15. g4 Bg6 16. Rae1 Rd5 17. Nb3 Bd3 18. Rf2 Rad8 19. Nbd4 Nxd4 20.
Nxd4 g6 21. Rf3 c5 22. Rxd3 cxd4 23. Red1 Rxe5 24. cxd4 Re2 25. R1d2 Rxd2 26.
Rxd2 Kd6 27. Kf2 Re8 28. Kf3 Kd5 29. g5 f5 30. gxf6 Rf8 31. Rc2 Rxf6+ 32. Ke3
Rf7 33. Rc5+ Kd6 34. h4 Re7+ 35. Kd3 h6 36. Rc8 Ke6 37. h5 gxh5 38. Rh8 Kf5 39.
Rxh6 Kg4 40. d5 h4 41. Kd4 Kg3 42. d6 Re1 43. Kd5 h3 44. d7 h2 45. Kd6 Rd1+ 46.
Kc7 Kg2 47. d8=Q Rxd8 48. Kxd8 h1=Q 49. Rxh1 Kxh1 50. Kc7 a5 51. Kxb7 Kg2 52.
Kb6 a4 53. Kb5 a3 54. b3 1-0

[Event "XXV Memorial Edoardo Crespi A"]
[Site "Milano ITA"]
[Date "2004.12.05"]
[Round "2"]
[White "Damia, Angelo"]
[Black "Brunello, Sabino"]
[Result "1/2-1/2"]
[WhiteElo "2118"]
[BlackElo "2258"]
[PlyCount "79"]
[EventDate "2004.12.04"]

1. e4 e5 2. Nc3 Nc6 3. f4 exf4 4. d4 Qh4+ 5. Ke2 d6 6. Nf3 Bg4 7. Nd5 O-O-O 8.
Kd3 Qf2 9. Qe2 Qxe2+ 10. Bxe2 f5 11. Bxf4 Nge7 12. Nxe7+ Bxe7 13. exf5 Bxf5+
14. Kd2 Rhf8 15. Be3 Nb4 16. c3 Nc2 17. Raf1 Nxe3 18. Kxe3 a6 19. Bd3 Bxd3 20.
Kxd3 Kd7 21. Nd2 c5 22. d5 Bf6 23. Ne4 Be5 24. Ng5 Ke7 25. Ne6 Rxf1 26. Rxf1
Rc8 27. Ng5 h6 28. Nf3 Bf6 29. Re1+ Kd7 30. Nd2 b5 31. Ne4 Be5 32. Rf1 Ke7 33.
h3 a5 34. b3 b4 35. cxb4 cxb4 36. Rf2 Rc1 37. Rc2 Rd1+ 38. Rd2 Rc1 39. Rc2 Rd1+
40. Rd2 1/2-1/2

[Event "XXV Memorial Edoardo Crespi A"]
[Site "Milano ITA"]
[Date "2004.12.05"]
[Round "2"]
[White "Dassisti, Alberto"]
[Black "Gandolfi, Gianfranco"]
[Result "1-0"]
[WhiteElo "2067"]
[BlackElo "1967"]
[PlyCount "91"]
[EventDate "2004.12.04"]

1. e4 e5 2. Bc4 Nf6 3. d3 Bc5 4. Nf3 d6 5. Bg5 Bg4 6. h3 Bxf3 7. Qxf3 Nbd7 8.
O-O O-O 9. Nc3 c6 10. Rab1 a5 11. a4 Qc7 12. Ne2 d5 13. exd5 Nxd5 14. Bxd5 cxd5
15. Qxd5 Nb6 16. Qb3 Qc6 17. Nc3 Kh8 18. Be3 Rac8 19. Bxc5 Qxc5 20. Ne4 Qc6 21.
Nc3 f6 22. Ra1 Nd7 23. Rfc1 b6 24. Qd5 Qxd5 25. Nxd5 Rc5 26. Ne3 f5 27. c3 f4
28. Nc2 Rd5 29. Rd1 Nc5 30. d4 Nb3 31. Ra3 Nc5 32. c4 Rd7 33. d5 e4 34. Re1 Re8
35. f3 e3 36. Nd4 Na6 37. h4 Nb4 38. g3 fxg3 39. Raxe3 Rxe3 40. Rxe3 h6 41. Kg2
Nxd5 42. cxd5 Rxd5 43. Ne2 Rd2 44. b3 Rd5 45. Kxg3 b5 46. Nc3 1-0